Dlh štátu narastá
V roku 2002 sa očakáva ďalší nárast štátneho dlhu SR, a to na úroveň zhruba 448 mld. Sk. Podiel štátneho dlhu na HDP. Porovnanie vnútorného a zahraničného štátneho dlhu.
Gespeichert in:
| 1. Verfasser: | |
|---|---|
| Format: | Buchkapitel |
| Sprache: | Slowakisch |
| Schlagworte: | |
| Tags: |
Keine Tags, Fügen Sie das erste Tag hinzu!
|
MARC
| LEADER | 00000naa a2200000 4500 | ||
|---|---|---|---|
| 001 | r045664 | ||
| 005 | 20230920074818.0 | ||
| 041 | 0 | |a slo | |
| 044 | |a SK | ||
| 245 | 1 | 0 | |a Dlh štátu narastá |c Marianna Onuferová |
| 520 | |a V roku 2002 sa očakáva ďalší nárast štátneho dlhu SR, a to na úroveň zhruba 448 mld. Sk. Podiel štátneho dlhu na HDP. Porovnanie vnútorného a zahraničného štátneho dlhu. | ||
| 610 | 2 | 0 | |a financie verejné |
| 610 | 2 | 0 | |a financie štátne |
| 610 | 2 | 0 | |a dlhy štátne |
| 610 | 2 | 0 | |a rozpočet štátny |
| 610 | 2 | 0 | |a produkt domáci hrubý |
| 610 | 2 | 0 | |a Slovensko |
| 100 | 1 | |a Onuferová, Marianna | |